00557nam a2200169Ia 450000500170000000800410001704000190005804100120007708200180008924501150010726000280022230000170025050400500026765000260031765100340034385000100037720230628114025.0131103s9999 xx 000 0 und d aLoreto College aEnglish a942.062 bPAR aThe English civil war and after, 1642 - 1658cedited by R.H.Parry; [contributed by] Robert Ashton ... [et al.] aLondonbMacmillanc1970 aviii,127 p.  aIncludes bibliographical references and index aCivil War,1642 - 1649 aEngland - History,1642 - 1649 aLCLIB